|
|
|
|
| LEADER |
01961nam a2200577 i 4500 |
| 001 |
nkc20152753957 |
| 003 |
CZ PrNK |
| 005 |
20151215135338.0 |
| 007 |
ta |
| 008 |
151120s2015 xr a e f 001 0 slo |
| 015 |
|
|
|a cnb002753957
|
| 020 |
|
|
|a 978-80-7236-988-1
|q (brožováno)
|
| 035 |
|
|
|a (OCoLC)934901752
|
| 040 |
|
|
|a OLA001
|b cze
|d ABA001
|e rda
|
| 041 |
1 |
|
|a slo
|h ger
|
| 072 |
|
7 |
|a 636
|x Chov zvířat. Živočišná výroba
|2 Konspekt
|9 24
|
| 080 |
|
|
|a 636.7
|2 MRF
|
| 080 |
|
|
|a 636.08
|2 MRF
|
| 080 |
|
|
|a 636.088
|2 MRF
|
| 080 |
|
|
|a (035)
|2 MRF
|
| 100 |
1 |
|
|a Schlegl-Kofler, Katharina
|7 xx0059535
|4 aut
|
| 240 |
1 |
0 |
|a Hundeerziehung.
|l Slovensky
|
| 245 |
1 |
0 |
|a Výcvik psa /
|c autorka: Katharina Schlegl-Kofler ; fotografie: Christine Steimer
|
| 250 |
|
|
|a Slovenské vydanie druhé
|
| 264 |
|
1 |
|a Praha :
|b Vašut,
|c 2015
|
| 300 |
|
|
|a 64 stran :
|b barevné ilustrace ;
|c 20 cm
|
| 336 |
|
|
|a text
|b txt
|2 rdacontent
|
| 336 |
|
|
|a statický obraz
|b sti
|2 rdacontent
|
| 337 |
|
|
|a bez média
|b n
|2 rdamedia
|
| 338 |
|
|
|a svazek
|b nc
|2 rdacarrier
|
| 490 |
1 |
|
|a Ako na to
|
| 500 |
|
|
|a Z němčiny přeložila Kristína Jakubičková
|
| 504 |
|
|
|a Obsahuje bibliografii, bibliografické odkazy a rejstřík
|
| 546 |
|
|
|a Slovenský text
|
| 650 |
0 |
7 |
|a psi
|7 ph115940
|2 czenas
|
| 650 |
0 |
7 |
|a chov domácích zvířat
|7 ph119200
|2 czenas
|
| 650 |
0 |
7 |
|a výcvik zvířat
|7 ph135107
|2 czenas
|
| 650 |
0 |
9 |
|a dogs
|2 eczenas
|
| 650 |
0 |
9 |
|a keeping of domestic animals
|2 eczenas
|
| 650 |
0 |
9 |
|a animal training
|2 eczenas
|
| 655 |
|
7 |
|a příručky
|7 fd133209
|2 czenas
|
| 655 |
|
9 |
|a handbooks and manuals
|2 eczenas
|
| 700 |
1 |
|
|a Steimer, Christine
|7 xx0017758
|4 pht
|
| 700 |
1 |
|
|a Jakubičková, Kristína
|4 trl
|
| 830 |
|
0 |
|a Ako na to
|0 s
|
| 910 |
2 |
|
|a BOA001
|b 1-1357.552
|
| 928 |
9 |
|
|a Jan Vašut
|
| 990 |
|
|
|a BK
|
| 995 |
|
|
|a 01
|
| 991 |
|
|
|b 201512
|c NOV
|
| 996 |
6 |
|
|b 2610652279
|c 1-1357.552
|l MZK
|r Sklad / do 1 hodiny
|n 2
|p p.v.
|w 001534685
|u 000010
|a 1
|e BOA001
|j MZK50
|s P
|